| 000 | 00510nam a2200157 a 4500 | ||
|---|---|---|---|
| 001 | ASIN0872014150 | ||
| 005 | 20150917124017.0 | ||
| 008 | 150917s1986 xxu eng d | ||
| 020 | _a0872014150 (hardcover) | ||
| 020 | _a9780872014152 (hardcover) | ||
| 245 | 1 | 4 |
_aThe jack-up drilling platform / _cL. F. Boswell. |
| 260 |
_a[S.l.] : _bGulf Publishing Co, _c1986. |
||
| 300 | _a366 p. | ||
| 700 | 1 | _aBoswell, L. F. | |
| 856 | 4 | 0 |
_3Amazon.com _uhttp://www.amazon.com/exec/obidos/ASIN/0872014150/chopaconline-20 |
| 999 |
_c14156 _d14156 |
||